Screen Actors Guild Award for Outstanding Performance by a Male Actor in a Leading Role - Statistics

General Stats
  • This quiz has been taken 23 times
  • The average score is 15 of 23
Answer Stats
Year Actor % Correct
2015 Leonardo DiCaprio
89%
1994 Tom Hanks
89%
2012 Daniel Day-Lewis
84%
2007 Daniel Day-Lewis
84%
2002 Daniel Day-Lewis
84%
2008 Sean Penn
79%
2016 Denzel Washington
74%
2001 Russell Crowe
74%
1997 Jack Nicholson
68%
2013 Matthew McConaughey
68%
2010 Colin Firth
63%
2014 Eddie Redmayne
63%
2004 Jamie Foxx
63%
2009 Jeff Bridges
63%
1999 Kevin Spacey
63%
2006 Forest Whitaker
58%
2011 Jean Dujardin
58%
2005 Philip Seymour Hoffman
58%
1996 Geoffrey Rush
47%
1995 Nicolas Cage
47%
2003 Johnny Depp
42%
1998 Roberto Benigni
42%
2000 Benicio del Toro
32%
No matching quizzes found
Score Distribution
Percent of People with Each Score
Percentile by Number Answered
Your Score History
You have not taken this quiz